| 000 | 01256cam a22003254a 4500 | ||
|---|---|---|---|
| 001 | 14100158 | ||
| 003 | OSt | ||
| 005 | 20160824181557.0 | ||
| 008 | 050908s2006 nyua 001 0 eng | ||
| 010 | _a 2005026108 | ||
| 020 | _a9780071459617 (pbk.) | ||
| 020 | _a0071459618 (pbk.) | ||
| 035 | _a(OCoLC)ocm61513030 | ||
| 040 |
_aDLC _cDLC _dYDX _dBAKER _dVP@ _dDLC |
||
| 042 | _apcc | ||
| 050 | 0 | 0 |
_aHF5657.4 _b.B47 2006 |
| 082 | 0 | 0 |
_aDC 658.1511 _22006 _bB46m |
| 100 | 1 | _aBerry, Leonard Eugene. | |
| 245 | 1 | 0 |
_aManagement accounting demystified / _cLeonard Eugene Berry. |
| 260 |
_aNew York : _bMcGraw-Hill, _cc2006. |
||
| 300 |
_axx, 411 pages: _billustrations ; _c24 cm. |
||
| 500 | _aIncludes index. | ||
| 650 | 0 | _aManagerial accounting. | |
| 856 | 4 | 1 |
_3Table of contents only _uhttp://www.loc.gov/catdir/toc/ecip0518/2005026108.html |
| 856 | 4 | 2 |
_3Contributor biographical information _uhttp://www.loc.gov/catdir/enhancements/fy0664/2005026108-b.html |
| 856 | 4 | 2 |
_3Publisher description _uhttp://www.loc.gov/catdir/enhancements/fy0664/2005026108-d.html |
| 906 |
_a7 _bcbc _corignew _d1 _eecip _f20 _gy-gencatlg |
||
| 942 |
_2ddc _cDC |
||
| 999 |
_c4114 _d4114 |
||